01328nam a2200337Ia 4500001000700000003000500007008004100012010001100053040000900064090001600073100003300089245016600122260004100288300001000329502007600339650002800415650002700443650002800470650004200498650003200540650003200572700004200604901001600646902000600662910000900668942000600677942000600683999001900689952014100708952014100849Z_2252CHAP220113s1994 xx 000 0 und d a165308 cCHAP aTesis J 911 aJaimes Jaimes, José960934 aCrecimiento compensatorio en bovinos Holstein y Brahman alimentados con dietas en rastrojo de maíz /cpor José Jaimes Jaimes y Antonio Sánchez Martínez aChapingo, Méx. :bEl autor,c1994 a69 h. aTesis (Ing. Agr. Esp. en Zootecnia) -- UACH. Departamento de Zootecnia aForrajes toscos 942612 7aGanado cebú2945056 aGanado Holstein 945133 aGanado vacunoxAlimentación 945429 aMaíz como forraje 971109 aMaízxSubproductos971064 aSánchez Martínez, Antonio9107676 aTESIS J 911 aM a1994 c2 c2 c165308d165308 00102local4051708TESISaZbZd2005-11-09eEl autorl0oTesis J35 911 1994p5101001326r2022-01-18 00:00:00tEj.1w2022-01-18yTESIS 00102local4055708TESISaZbZd2005-11-09eEl autorl0oTesis J35 911 1994p5101001327r2022-01-18 00:00:00tEj.2w2022-01-18yTESIS